• 首页
  • 本馆介绍
  • 公告通知
  • 最新文献
  • 馆藏检索
  • 电子资源
  • 读者导购
  • 参考咨询
  • 我的图书馆
  • 登录
  • 详细信息显示
  • 放入我的书架
  • 预约/预借图书
  • 作者相关作品
  • 分类相关作品
  • 丛书相关作品
  • 出版社相关作品

书目信息

  • 表格格式
  • 工作单格式
  • 卡片格式
题名:
汉译日基础教程
    
 
作者: 迟军 编著
分册:  
出版信息: 北京   北京大学出版社  1987
页数: 320页
开本: 19cm
丛书名:
单 册:
中图分类: H365.9
科图分类:
主题词: 日语-翻译 , 翻译-日语
电子资源:
ISBN:
000 00615nam0 2200241 45
001 0187004430
005 20061103103002.57
010    @dCNY1.95
091    @aCN@b9209.85
100    @a19900808d1987 ek y0chiy0121 ea
101 2  @achi@ajpn
102    @aCN@b110000
105    @ay z 000yy
200 10 @a汉译日基础教程@Ahan yi ri ji chu jiao cheng@f迟军编著
210    @a北京@c北京大学出版社@d1987
215    @a320页@d19cm
606    @a日语-翻译
606    @a翻译-日语
690    @aH365.9@v3
701  0 @a迟军@Achi jun@4编著
801  2 @aCN@bNLC@c20061103
801  0 @aCN@bTSSF
905    @a10447@dH365.9@e175
    
    汉译日基础教程/迟军编著.-北京:北京大学出版社,1987
    320页;19cm
    
    
    ISBN :CNY1.95
    
●
相关链接 在E读中查询图书 在五车中查询图书 在当当中查询图书 在豆瓣中查询图书


正题名:汉译日基础教程     索取号:H365.9/175         预约/预借

序号 登录号 条形码 馆藏地/架位号 状态 备注
1 0212285   001167061   第二样本阅览室/ [索取号:H365.9/175] 在馆    
唐山师范学院图书馆 欢迎您!
大连网信软件有限公司© 版权所有